000 00305 a2200109 4500
001 75406
005 20260126111342.0
090 _a75406
100 _a20260126 pory50
200 _aA sereníssima república: contos completos 1876-1883
_fMachado de Assis e Amândio Reis
210 _cE-primatur
_d2025
942 _cMON